[Event "CRO-Cup"]
[Site "Pula"]
[Date "1997.??.??"]
[Round "?"]
[White "Loncar, Robert"]
[Black "Mandekic, Ivan"]
[Result "1-0"]
[WhiteElo "2390"]
[BlackElo "2280"]

1.c4 Nf6 2.Nc3 e6 3.Nf3 c5 4.g3 b6 5.Bg2 Bb7 6.O-O Be7 7.b3 d6 8.Bb2 a6 9.e3 Nbd7
10.Qe2 O-O 11.Rfd1 Qc7 12.d4 Rfe8 13.Rac1 Rad8 14.d5 exd5 15.cxd5 b5 16.a3 Qb8
17.Nh4 Qa8 18.e4 Bf8 19.Qc2 g6 20.a4 b4 21.Nb1 a5 22.Nd2 Ba6 23.Nc4 Bxc4
24.bxc4 Bg7 25.f4 Qb8 26.Re1 Re7 27.Re2 Rde8 28.Rce1 b3 29.Qd3 Nh5 30.Bxg7 Nxg7
31.Rb1 Qb4 32.Rxb3 Qxa4 33.Rb1 Rb8 34.Rxb8+ Nxb8 35.Rb2 Nd7 36.Nf3 Re8 37.Bh3 Rb8
38.Rxb8+ Nxb8 39.e5 Qa1+ 40.Qf1 Qxf1+ 41.Kxf1 Ne8 42.Ke2 Kf8 43.Kd3 f6 44.Nd2 Ke7
45.Ne4 Na6 46.Bc8 Nb4+ 47.Kc3 f5 48.Ng5 h6 49.Nf3 a4 50.Kb2 Ng7 51.exd6+ Kxd6
52.Ne5 g5 53.Ka3 gxf4 54.gxf4 Ke7 55.Be6 Nxe6 56.dxe6 Kxe6 57.Kxa4 Ke7 58.Kb5 Kd6
59.Kb6 h5 60.h3 Nc2 61.Nf7+ Ke7 62.Nh6 Kf6 63.Kxc5 Kg6 64.Ng8 Kf7 65.Kd6 Kxg8
66.Ke6 Ne3 67.c5 Nc4 68.c6 Nb6 69.Kxf5  1-0

[Event "EU-chT (Men)"]
[Site "Pula"]
[Date "1997.??.??"]
[Round "1"]
[White "Alterman, Boris"]
[Black "Magem Badals, Jorge"]
[Result "1-0"]
[WhiteElo "2595"]
[BlackElo "2570"]

1.c4 c5 2.Nf3 Nf6 3.Nc3 d5 4.cxd5 Nxd5 5.g3 Nc6 6.Bg2 Nc7 7.a3 g6 8.h4 h6
9.d3 Bg7 10.Be3 b6 11.h5 gxh5 12.Rxh5 Bb7 13.Qa4 Qd7 14.Rc1 O-O-O 15.Bxc5 Kb8
16.Be3 f5 17.Nh4 e6 18.Ng6 Rhg8 19.Nf4 Ne8 20.Nb5 Nf6 21.Rh4 Ng4 22.Rxg4 fxg4
23.Nxe6 Be5 24.Nxd8 Rxd8 25.Bf4  1-0

[Event "EU-chT (Men)"]
[Site "Pula"]
[Date "1997.??.??"]
[Round "3"]
[White "Stohl, Igor"]
[Black "Nikolaidis, Ioannis"]
[Result "1-0"]
[WhiteElo "2580"]
[BlackElo "2565"]

1.Nf3 Nf6 2.c4 c5 3.Nc3 g6 4.d4 cxd4 5.Nxd4 Nc6 6.e4 Nxd4 7.Qxd4 d6 8.Bg5 Bg7
9.Qd2 Be6 10.Bd3 Rc8 11.Nd5 Bxd5 12.exd5 b5 13.cxb5 Rc5 14.Be3 Rxd5 15.Qc2 O-O
16.O-O Qb8 17.Be2 Re5 18.Bd4 Rc8 19.Qd3 Rd5 20.Qe3 Rc7 21.Rad1 Ne8 22.Bxa7 Rxa7
23.Rxd5 e6 24.b6 Rxa2 25.Rb5 d5 26.b7 Nd6 27.Qg3 e5 28.Rb6 Ra7 29.Ba6 Nxb7
30.Qb3 Rxa6 31.Rxa6 Qc7 32.Qxd5 Nd8 33.Ra8  1-0

[Event "EU-chT (Women)"]
[Site "Pula"]
[Date "1997.??.??"]
[Round "5"]
[White "Bazaj Bockai, Snjezana"]
[Black "Ciganikova, Andrea"]
[Result "0-1"]
[WhiteElo "2175"]
[BlackElo "2115"]

1.Nf3 Nf6 2.c4 c5 3.Nc3 e6 4.g3 Be7 5.Bg2 O-O 6.O-O Nc6 7.b3 a6 8.Bb2 Qc7
9.d4 cxd4 10.Nxd4 Rb8 11.e4 d6 12.Nxc6 bxc6 13.Qe2 e5 14.Rac1 Be6 15.Nd5 cxd5
16.cxd5 Bg4 17.Rxc7 Bxe2 18.Rxe7 Bxf1 19.Bxf1 Nxe4 20.Bd3 Nc5 21.Bc4 Rfe8
22.Rxe8+ Rxe8 23.Kf1 Rb8 24.Ba3 a5 25.Bxc5 dxc5 26.a4 Kf8 27.Ke2 Ke7 28.Ke3 Kd6
29.h4 g6 30.f3 f5 31.Ke2 h6 32.Kf2 g5 33.h5 e4 34.Ke3 Re8 35.Ke2 exf3+ 36.Kxf3 Re5
37.Kf2 Rxd5 38.Kf3 Rd4 39.Bf7 Ke5 40.Ke3 f4+ 41.gxf4+  0-1

[Event "ISL-chJ"]
[Site "Reykjavik"]
[Date "1997.??.??"]
[Round "?"]
[White "Thorfinnsson, Bragi"]
[Black "Gunnarsson, Jon Viktor"]
[Result "0-1"]
[WhiteElo "2160"]
[BlackElo "2270"]

1.Nf3 c5 2.c4 Nf6 3.Nc3 g6 4.g3 Bg7 5.Bg2 d5 6.cxd5 Nxd5 7.Qb3 Nb4 8.d3 O-O
9.O-O N8c6 10.Be3 Na6 11.Rac1 Rb8 12.Rfd1 e5 13.Bg5 Qa5 14.Ne4 Be6 15.Qc3 Qxc3
16.Nxc3 f5 17.Be3 h6 18.Ne1 Nd4 19.Bd2 Rfd8 20.e3 Nc6 21.Bxc6 bxc6 22.Na4 e4
23.b3 Rd5 24.dxe4 fxe4 25.Bc3 Bf8 26.Nc2 Bg4 27.Re1 Nc7 28.Ba5 Ne6 29.Nc3 Re5
30.Na3 Ng5 31.Bc7 Nh3+ 32.Kg2 Rf5 33.Rc2 Rc8 34.Ba5 Bg7 35.Nd1 Rcf8 36.Nc4 Bf3+
37.Kf1 Bxd1 38.Rxd1 Nxf2 39.Rd8 Nd3+ 40.Kg1 Rxd8 41.Bxd8 Ne1 42.Rc1 Nf3+
43.Kg2 Rh5 44.h4 Rd5 45.Bc7 g5 46.hxg5 hxg5 47.Kh3 Kh7 48.Bb8 a6 49.Ba7 Kg6
50.Rc2 Rd1 51.g4 Rh1+ 52.Kg3 Rh4 53.Bb8 Rh1 54.Bd6 Rg1+ 55.Rg2 Rd1 56.Bxc5 Bc3
57.Rc2 Rg1+ 58.Kf2 Be1+ 59.Ke2 Rxg4 60.Ne5+ Nxe5 61.Kxe1 Nd3+ 62.Kf1 Rh4
63.Kg1 Ne1 64.Rc1 Nf3+ 65.Kg2 Kf5 66.Bd6 Rh6 67.Rc5+ Kg4 68.Bg3 Nh4+ 69.Bxh4 gxh4
70.Re5 h3+ 71.Kh2 Kf3 72.Ra5 Kxe3  0-1

[Event "Olicio Gadia mem"]
[Site "Rio de Janeiro"]
[Date "1997.??.??"]
[Round "2"]
[White "Teixeira, Ricardo da Silva"]
[Black "Rios Filho, Hilton Carlos"]
[Result "1-0"]
[WhiteElo "2320"]
[BlackElo "2340"]

1.Nf3 Nf6 2.c4 c5 3.Nc3 b6 4.g3 Bb7 5.Bg2 e6 6.O-O Be7 7.d4 cxd4 8.Qxd4 d6
9.Rd1 a6 10.Bg5 Nbd7 11.Qd2 Qc7 12.Rac1 Rd8 13.Bf4 Nc5 14.b4 Nce4 15.Nxe4 Nxe4
16.Qd3 Qc8 17.Be3 Rd7 18.Bxb6 Nf6 19.a4 Qa8 20.a5 O-O 21.Ne1 d5 22.c5 e5
23.Qc2 Bc6 24.Nd3 Qb8 25.Qb2  1-0

[Event "Saint Affrique op"]
[Site "Saint Affrique"]
[Date "1997.??.??"]
[Round "8"]
[White "Magerramov, Elmar"]
[Black "Othman, A Moussa"]
[Result "1-0"]
[WhiteElo "2565"]
[BlackElo "2285"]

1.Nf3 Nf6 2.c4 c5 3.Nc3 e6 4.e3 Be7 5.d4 cxd4 6.exd4 d5 7.cxd5 exd5 8.Bd3 Nc6
9.h3 O-O 10.O-O Re8 11.Re1 a6 12.Bg5 Be6 13.Rc1 Rc8 14.a3 h6 15.Bf4 b5 16.Bb1 Bf8
17.Ne5 Qb6 18.Nxc6 Rxc6 19.Qd3 g6 20.Qf3 Rec8 21.Rcd1 b4 22.Na4 Qa5 23.Nc5 Bxc5
24.dxc5 bxa3 25.bxa3 Ne4 26.Bxh6 Qxc5 27.Bxe4 dxe4 28.Qf6  1-0

[Event "Texas-ch"]
[Site "San Antonio"]
[Date "1997.??.??"]
[Round "2"]
[White "Rohrbaugh, James"]
[Black "Anderson, Selby"]
[Result "1-0"]
[WhiteElo "2162"]
[BlackElo "2295"]

1.c4 c5 2.Nc3 Nf6 3.Nf3 d5 4.cxd5 Nxd5 5.e4 Nb4 6.Bc4 Nd3+ 7.Ke2 Nf4+ 8.Kf1 Ne6
9.b4 g6 10.Bb2 Bg7 11.bxc5 Nc6 12.d4 Ncxd4 13.Nb5 Nxb5 14.Bxb5+ Bd7 15.Bxd7+ Qxd7
16.Qxd7+ Kxd7 17.Bxg7 Nxg7 18.Ke2 Rhc8 19.Rhd1+ Ke8 20.Rab1 Rc7 21.Nd4 Ne6
22.Nxe6 fxe6 23.Ke3 Rd8 24.Rxd8+ Kxd8 25.Kd4 Kc8 26.Rb2 Kd7 27.Rb3 e5+ 28.Kd5 e6+
29.Kxe5 Rxc5+ 30.Kf6 b5 31.Rh3 Rh5 32.Rd3+ Kc7 33.h3 a5 34.Kxe6 b4 35.Rd5 a4
36.e5 Kc6 37.Rd2 Kc5 38.f3 b3 39.axb3 axb3 40.Re2 Kc4 41.Kd6 Kd3 42.Re4 Kc3
43.Re3+ Kc4 44.Re4+ Kc3 45.e6 b2 46.Re1 Ra5 47.Rb1 Ra1 48.Rxb2 Kxb2 49.e7 Ra8
50.Kd7 Kc2  1-0

[Event "Schwaebisch Gmuend op"]
[Site "Schwaebisch Gmuend"]
[Date "1997.??.??"]
[Round "5"]
[White "Adamski, Jan"]
[Black "Krockenberger, Martin"]
[Result "1/2-1/2"]
[WhiteElo "2395"]
[BlackElo "2300"]

1.c4 c5 2.Nf3 Nf6 3.Nc3 e6 4.g3 b6 5.Bg2 Bb7 6.O-O d6 7.d4 cxd4 8.Qxd4 a6
9.Bg5 Nbd7 10.Rfd1 Be7 11.Qd2 O-O 12.Bf4 Ne8 13.e4 Qc7 14.Rac1 Rd8 15.Qe2 Ne5
16.Nxe5 dxe5 17.Rxd8 Bxd8 18.Be3 Nf6 19.b3  1/2-1/2

[Event "Seefeld op"]
[Site "Seefeld"]
[Date "1997.??.??"]
[Round "?"]
[White "Kievelitz, Bernd"]
[Black "Mattick, Lutz"]
[Result "0-1"]
[WhiteElo "2130"]
[BlackElo "2285"]

1.Nf3 c5 2.c4 Nf6 3.Nc3 e6 4.g3 b6 5.Bg2 Bb7 6.O-O d6 7.Re1 a6 8.e4 Be7 9.d4 cxd4
10.Nxd4 Qc7 11.Qe2 O-O 12.Be3 Re8 13.Rac1 Bf8 14.h3 Nbd7 15.f4 Rac8 16.b3 Qb8
17.Kh2 g6 18.Bg1 Bg7 19.Nf3 Nc5 20.Bxc5 Rxc5 21.Qd3 e5 22.fxe5 dxe5 23.Nd5 Nxd5
24.exd5 f5 25.Qe3 Qd6 26.Red1 Rcc8 27.Ng5 f4 28.Qf3 Bh6 29.gxf4 exf4 30.Ne4 Rxe4
31.Qxe4 f3+ 32.Kh1 fxg2+ 33.Kxg2 Bxc1 34.Rxc1 Bxd5  0-1

[Event "Sitges op"]
[Site "Sitges"]
[Date "1997.??.??"]
[Round "7"]
[White "Nikcevic, Nebojsa"]
[Black "Hoffmann, Michael"]
[Result "1-0"]
[WhiteElo "2540"]
[BlackElo "2440"]

1.Nf3 c5 2.c4 Nf6 3.Nc3 e6 4.g3 b6 5.Bg2 Bb7 6.O-O a6 7.Re1 Be7 8.e4 d6 9.d4 cxd4
10.Nxd4 Qc7 11.Be3 Nbd7 12.f4 Rc8 13.Rc1 Qb8 14.Qe2 Qa8 15.Bf2 O-O 16.f5 exf5
17.Nxf5 Rfe8 18.Rcd1 Qb8 19.Qd2 Rxc4 20.Nxe7+ Rxe7 21.Qxd6 Qxd6 22.Rxd6 Rc6
23.Rdd1 Rc8 24.Nd5 Nxd5 25.exd5 Rxe1+ 26.Rxe1 Kf8 27.b4 g6 28.Be3 f5 29.Bh6+ Kf7
30.d6 Bxg2 31.Re7+ Kf6 32.h4 f4 33.g4 g5 34.hxg5+  1-0

[Event "RUS-Cup8"]
[Site "Smolensk"]
[Date "1997.??.??"]
[Round "8"]
[White "Svirin, O."]
[Black "Kostin, Sergei"]
[Result "1-0"]
[WhiteElo "2415"]
[BlackElo "2210"]

1.Nf3 Nf6 2.c4 c5 3.Nc3 b6 4.d4 cxd4 5.Nxd4 Bb7 6.f3 e6 7.e4 d6 8.Be2 Be7
9.O-O a6 10.Be3 Nbd7 11.Qd2 O-O 12.a4 Ne5 13.a5 d5 14.cxd5 exd5 15.exd5 Nxd5
16.Nxd5 Qxd5 17.Nf5 Bf6 18.Qxd5 Bxd5 19.axb6 Nc4 20.b7 Rab8 21.Bc5 Rfd8 22.Be7 Re8
23.Bxf6 Rxe2 24.Ne7+ Kh8 25.Nxd5 gxf6 26.Rfc1 Nd6 27.Rxa6 Nxb7 28.Rb6 Rd8
29.Rxb7 Rxd5 30.Rxf7 Rd8 31.Rb7 f5 32.Kf1 Red2 33.Re1 f4 34.b4 h5 35.Rb5 h4
36.Rh5+ Kg8 37.Rxh4 Rb2 38.Rg4+  1-0

[Event "POL-ch"]
[Site "Sopot"]
[Date "1997.??.??"]
[Round "11"]
[White "Kempinski, Robert"]
[Black "Macieja, Bartlomiej"]
[Result "1-0"]
[WhiteElo "2515"]
[BlackElo "2465"]

1.Nf3 Nf6 2.c4 c5 3.Nc3 d5 4.cxd5 Nxd5 5.Nxd5 Qxd5 6.g3 g6 7.Bg2 Bg7 8.O-O O-O
9.d3 Nc6 10.a4 Qh5 11.a5 Bh3 12.Qb3 Rab8 13.Bf4 Bxg2 14.Kxg2 e5 15.Be3 Nd4
16.Bxd4 exd4 17.Rfc1 Rfd8 18.Qc4 Bf8 19.Ra3 Qd5 20.Qxd5 Rxd5 21.Rc2 f5 22.Rb3 Be7
23.Rb5 Kf7 24.Nd2 Ke8 25.Nc4 Kd7 26.f4 Kc7 27.Ne5 b6 28.Rc1 Bd6 29.axb6+ Rxb6
30.Rxb6 axb6 31.Nf3 Be7 32.h4 Rd8 33.Ra1 Kb7 34.h5 b5 35.hxg6 hxg6 36.Rh1 Bd6
37.Rh6 Rg8 38.Kf1 Kc6 39.Ke1 Kd5 40.Nh4 c4 41.Rxg6 Ra8 42.Nxf5 Bb4+ 43.Kf2 Ra2
44.dxc4+ Kxc4 45.b3+ Kd5 46.Rg8 Bc5 47.Kf3 Ke6 48.Re8+ Kd7 49.Re4 Rd2 50.b4 Bb6
51.Re5 Kc6 52.Ne7+ Kd7 53.Rxb5 d3 54.Rxb6 dxe2 55.Rb7+  1-0

[Event "Stockholm"]
[Site "Stockholm"]
[Date "1997.??.??"]
[Round "5"]
[White "Olafsson, Helgi"]
[Black "Rytshagov, Mikhail"]
[Result "1/2-1/2"]
[WhiteElo "2505"]
[BlackElo "2525"]

1.Nf3 Nf6 2.c4 c5 3.Nc3 d5 4.cxd5 Nxd5 5.d4 Nxc3 6.bxc3 g6 7.e3 Bg7 8.Bb5+ Nd7
9.O-O O-O 10.a4 Qc7 11.e4 Nf6 12.Re1 Rd8 13.h3 b6 14.Bg5 Bb7 15.Bd3 Nh5 16.e5 Bh8
17.Be4 Bxe4 18.Rxe4 cxd4 19.cxd4 Qb7 20.Qe2 Ng7 21.e6 f5 22.Re3 Ne8 23.Rd1 Nf6
24.Ne5 Ne4 25.Rxe4 fxe4 26.Nf7 Qd5 27.Nxd8 Rxd8 28.Bxe7 Re8 29.Bh4 Rxe6 30.Qb5 Qxb5
31.axb5 e3 32.fxe3 Rxe3 33.d5 Re4 34.g4 Kf7 35.Kg2 Ke8 36.Rc1 Be5 37.Rc6 Bf4
38.Kf3 Ra4 39.Rc8+ Kd7 40.Rd8+ Kc7 41.Be7 Rd4 42.Bf6 Ra4 43.Be7 Rd4 44.Ra8 Bd6
45.Rxa7+ Kb8 46.Rd7 Bxe7 47.Rxe7 Rxd5 48.Rxh7 Rxb5 49.h4 Rc5 50.Rg7 Rc6 51.Kf4 b5
52.Ke5 b4 53.Kd5 Rb6 54.Kc5 Re6 55.Kxb4 Re4+ 56.Kc5 Rxg4 57.Rh7 Rf4 58.Kd6 Rf5
59.Ke6 Kc8 60.Rh6 Rh5 61.Rxh5 gxh5 62.Kf7 Kd8 63.Kg6 Ke7 64.Kxh5 Kf8 65.Kg6 Kg8  1/2-1/2

[Event "Stockholm"]
[Site "Stockholm"]
[Date "1997.??.??"]
[Round "9"]
[White "Agrest, Evgenij"]
[Black "Wallace, John Paul"]
[Result "1-0"]
[WhiteElo "2505"]
[BlackElo "2350"]

1.c4 Nf6 2.Nc3 c5 3.Nf3 e6 4.g3 b6 5.Bg2 Bb7 6.O-O Be7 7.Re1 d5 8.cxd5 Nxd5
9.e4 Nb4 10.d4 cxd4 11.Nxd4 O-O 12.a3 N4c6 13.Nxc6 Bxc6 14.Qg4 Nd7 15.e5 Bxg2
16.Kxg2 Kh8 17.Bf4 Qc7 18.h4 Nc5 19.Rad1 Qb7+ 20.Kg1 Rad8 21.Qe2 Rxd1 22.Rxd1 Rd8
23.Bg5 Rxd1+ 24.Qxd1 Bf8 25.Qd8 Kg8 26.b4 h6 27.Be3 Qd7 28.Qb8 Nd3 29.Ne4 Qd5
30.Nf6+ gxf6 31.Bxh6 Kh7 32.Qxf8 Kg6 33.Qg7+ Kh5 34.Be3 Nxe5 35.g4+ Kxh4
36.Qxf6+ Kxg4 37.Qf4+  1-0

[Event "Svetlogorsk op (Women)"]
[Site "Svetlogorsk"]
[Date "1997.??.??"]
[Round "8"]
[White "Fatalibekova, Elena"]
[Black "Gagloshvili, Raissa"]
[Result "1-0"]
[WhiteElo "2305"]
[BlackElo "2220"]

1.c4 c5 2.Nc3 Nf6 3.Nf3 d5 4.cxd5 Nxd5 5.d4 Nxc3 6.bxc3 g6 7.e4 Bg7 8.Be3 O-O
9.Qd2 Qa5 10.Rc1 Rd8 11.d5 f5 12.e5 Nc6 13.Bf4 b5 14.Be2 c4 15.O-O Qb6 16.Rfd1 Qc5
17.Be3 Qa3 18.d6 e6 19.Bg5 Rd7 20.Nd4 Nxe5 21.Nxe6 Nd3 22.Nxg7 Kxg7 23.Bh6+ Kg8
24.Bxd3 cxd3 25.Qxd3 Bb7 26.Qxb5 Rad8 27.Bg5  1-0

[Event "SVK-chT 9697"]
[Site "SVK"]
[Date "1997.??.??"]
[Round "4"]
[White "Pejko, Otomar"]
[Black "Zavadsky, Peter"]
[Result "1/2-1/2"]
[WhiteElo "2245"]
[BlackElo "2225"]

1.Nf3 Nf6 2.c4 c5 3.Nc3 g6 4.g3 Bg7 5.Bg2 O-O 6.O-O Nc6 7.d4 cxd4 8.Nxd4 Nxd4
9.Qxd4 d6 10.Qd3 a6 11.Bd2 Rb8 12.Rac1 Be6 13.b3 Nd7 14.e4 b5 15.cxb5 axb5
16.Qe2 Ne5 17.Nd5 Bg4 18.f3 Bd7 19.Bg5 Re8 20.Nc7 Rf8 21.Nd5 Re8 22.Nc7 Rf8
23.Nd5  1/2-1/2

[Event "SWZ-chT9697"]
[Site "SWZ"]
[Date "1997.??.??"]
[Round "?"]
[White "Zueger, Beat"]
[Black "Pelletier, Yannick"]
[Result "1/2-1/2"]
[WhiteElo "2455"]
[BlackElo "2470"]

1.c4 Nf6 2.Nf3 c5 3.Nc3 e6 4.d4 cxd4 5.Nxd4 Nc6 6.Bg5 Bb4 7.Rc1 O-O 8.a3 Be7
9.e3 b6 10.Be2 Bb7 11.O-O a6 12.Bf3 Rc8 13.Qa4 Qc7 14.Bf4 e5 15.Nxc6 Bxc6
16.Bxc6 exf4 17.Nd5 Nxd5 18.Bxd5 Bd6 19.g3 fxe3  1/2-1/2

[Event "SWZ-chT9697"]
[Site "SWZ"]
[Date "1997.??.??"]
[Round "?"]
[White "Wirthensohn, Heinz"]
[Black "Giertz, Niklaus"]
[Result "1/2-1/2"]
[WhiteElo "2375"]
[BlackElo "2305"]

1.c4 c5 2.Nf3 Nf6 3.Nc3 d5 4.cxd5 Nxd5 5.e3 e6 6.Bb5+ Bd7 7.Be2 Nxc3 8.bxc3 Nc6
9.O-O Be7 10.d4 O-O 11.e4 Qc7 12.Be3 Rfd8 13.Rb1 Na5 14.Bd3 a6 15.Ne5 Bb5
16.Bxb5 axb5 17.Rxb5 f6 18.Nf3 cxd4 19.cxd4 Nc4 20.Qb3 Ra3 21.Rxb7 Qc6 22.Qb1 Bf8
23.Rb3 Rda8 24.Rxa3 Rxa3 25.Bc1 Ra6 26.h4 Qa4 27.a3 Nxa3 28.Bxa3 Qxa3 29.Qb7 Ra7
30.Qc8 Qa6 31.Qxa6 Rxa6 32.Rc1 Ra7 33.Kf1 Kf7 34.Rc2 Bd6 35.Ke2 Ke7 36.g4 Kd7
37.h5 Ra5 38.Rb2 Kc7 39.Rc2+ Kd7 40.Kd3 Ra4 41.Rc3 Ra1 42.e5 fxe5 43.dxe5 Bc7
44.Rc4 Ra2 45.Rc2 Rxc2 46.Kxc2 Kc6 47.Ng5 Kd5 48.Nxh7 Kxe5 49.Nf8 Bd6 50.Ng6+ Ke4
51.Kd1 Kf3 52.g5 Kxf2 53.h6 gxh6 54.gxh6 Bc5 55.Kc2 Ke3 56.h7 Bd4 57.Nf8 Ke4
58.Nxe6 Bh8 59.Ng5+ Kf5 60.Nf7 Kg6 61.Nxh8+ Kxh7  1/2-1/2

[Event "SWZ-chT9697"]
[Site "SWZ"]
[Date "1997.??.??"]
[Round "?"]
[White "Pelletier, Yannick"]
[Black "Atlas, Valeri"]
[Result "0-1"]
[WhiteElo "2470"]
[BlackElo "2460"]

1.Nf3 c5 2.c4 Nf6 3.Nc3 e6 4.g3 b6 5.Bg2 Bb7 6.O-O Be7 7.d4 cxd4 8.Qxd4 d6
9.b3 O-O 10.Rd1 Nbd7 11.e4 Qc8 12.Bb2 a6 13.h3 Qc7 14.Qe3 Rfe8 15.Nd4 Rac8
16.Re1 Nf8 17.Rac1 Qb8 18.Qd2 N6d7 19.Rcd1 Nc5 20.Re2 Bf6 21.Ba1 Red8 22.Qe3 Re8
23.Qd2 Red8 24.Qe3 Re8 25.Nc2 Rcd8 26.Red2 Be7 27.Qe2 Ncd7 28.Bb2 Qa8 29.Ba3 Nc5
30.b4 Ncd7 31.b5 Nc5 32.bxa6 Bxa6 33.Nb5 Qb8 34.Nb4 Bb7 35.Bb2 Rd7 36.h4 Red8
37.a3 Qa8 38.Re1 h6 39.Qg4 Ng6 40.h5 Ne5 41.Qe2 Bf8 42.f4 Nc6 43.Kh2 Na5
44.Rc2 Re8 45.Nc3 Nab3 46.Nb5 Na4 47.Nd3 Nxb2 48.Rxb2 Na5 49.Nb4 Rc8 50.Rc2 Rc5
51.Nd4 Qd8 52.Bf3 e5 53.fxe5 dxe5 54.Nf5 Nxc4 55.Nd5 Nxa3 56.Rxc5 bxc5 57.Qb2 Nc4
58.Qc3 Qa5 59.Rc1 Qxc3 60.Rxc3 Nd2 61.Nxh6+ Kh7 62.Ng4 Bxd5 63.exd5 e4 64.Be2 Rxd5
65.h6 Nb1 66.Rc2 Rd2 67.hxg7 Bxg7 68.Rxd2 Nxd2 69.Ne3 Kg6 70.Kg2 Bd4 71.Nc4 Nxc4
72.Bxc4 f5 73.Kf1 Kf6 74.Ke2 Ke5 75.Ba6 Bg1 76.Bb5 Bh2 77.Kf2 Kd4 78.Bd7 c4
79.Bxf5 Kd3 80.Bd7 e3+ 81.Kf3 e2  0-1

[Event "SWZ-chT9697"]
[Site "SWZ"]
[Date "1997.??.??"]
[Round "?"]
[White "Meyer, Hartmut"]
[Black "Goldstern, Flip"]
[Result "1-0"]
[WhiteElo "2160"]
[BlackElo "2360"]

1.c4 c5 2.Nc3 Nf6 3.Nf3 e6 4.g3 b6 5.Bg2 Bb7 6.O-O Be7 7.d4 cxd4 8.Qxd4 Nc6
9.Qd2 Qb8 10.Rd1 O-O 11.b3 Rd8 12.Bb2 d6 13.e4 a6 14.Qe2 Qa7 15.Rd2 Rac8
16.Rad1 Qb8 17.h3 Ba8 18.Ba3 Bf8 19.Nh2 Ne5 20.f4 Ng6 21.Bb2 Be7 22.Nf1 Bc6
23.a4 Qb7 24.Ba3 Qc7 25.Ne3 Ne8 26.h4 Bf6 27.Rc1 Qb7 28.Ng4 Be7 29.h5 Nf8
30.Rcd1 h6 31.Bb2 Nh7 32.Nd5 Bf8 33.Nb4 Bd7 34.Ba3 Nhf6 35.e5 Qa7 36.exf6 b5+
37.Kh1 bxc4 38.bxc4 Bxa4 39.fxg7 Bxg7 40.Rc1 Qc5 41.Ne3 Nf6 42.g4 a5 43.Nbc2 Qb6
44.Rcd1 Ne8 45.Bf3 Qc7 46.Qg2 Rb8 47.g5 Kf8 48.Rg1 Rb3 49.gxh6 Bxh6 50.Qg8+ Ke7
51.Re1 Kd7 52.Qxf7+ Kc8 53.Qxe6+ Qd7 54.Bg4 Qxe6 55.Bxe6+ Kb8 56.c5 Bxf4
57.Bxb3 Bxb3 58.Rb1 a4 59.Rd4  1-0

[Event "Taastrup 25 Jub"]
[Site "Taastrup"]
[Date "1997.??.??"]
[Round "4"]
[White "Duncan, Christopher R"]
[Black "Brinck Claussen, Bjorn"]
[Result "1/2-1/2"]
[WhiteElo "2340"]
[BlackElo "2380"]

1.c4 Nf6 2.Nc3 c5 3.Nf3 d5 4.cxd5 Nxd5 5.e4 Nxc3 6.dxc3 Qxd1+ 7.Kxd1 Bg4
8.Be3 e6 9.Kc2 Nd7 10.a4 Be7 11.Bb5 Bxf3 12.gxf3 a6 13.Be2 O-O-O 14.Rhg1 g6
15.Rab1 Ne5 16.Rgd1  1/2-1/2

[Event "Tanta op"]
[Site "Tanta"]
[Date "1997.??.??"]
[Round "10"]
[White "Conquest, Stuart"]
[Black "Gurevich, Mikhail"]
[Result "1/2-1/2"]
[WhiteElo "2540"]
[BlackElo "2585"]

1.Nf3 Nf6 2.c4 c5 3.Nc3 e6 4.e3 Nc6 5.d4 d5 6.a3 Ne4 7.Qc2 Nxc3 8.Qxc3 cxd4
9.Nxd4 Nxd4 10.Qxd4 dxc4  1/2-1/2

[Event "Nordic Grand Prix"]
[Site "Torshavn"]
[Date "1997.??.??"]
[Round "1"]
[White "Bjarnason, Saevar"]
[Black "Akesson, Ralf"]
[Result "0-1"]
[WhiteElo "2285"]
[BlackElo "2515"]

1.Nf3 Nf6 2.c4 e6 3.Nc3 c5 4.e3 a6 5.d4 d5 6.a3 dxc4 7.Bxc4 b5 8.Bd3 Bb7
9.O-O Nbd7 10.Qe2 Be7 11.Rd1 cxd4 12.Nxd4 Qc7 13.e4 O-O 14.Bg5 Ne5 15.Bc2 Qc4
16.Qe1 Rfd8 17.Bb3 Qc5 18.Be3 Qc7 19.h3 Nc4 20.Bxc4 bxc4 21.f3 Nd7 22.Rac1 Rac8
23.Nce2 Qe5 24.Rc3 a5 25.Bf4 Qf6 26.Nb5 e5 27.Be3 Ba6 28.Rd5 Nb6 29.Rxd8+ Bxd8
30.a4 Nxa4 31.Na7 Ra8 32.Ra3 Nxb2 33.Qb1 Bb6 34.Qxb2 Bxe3+ 35.Rxe3 Qe7 36.Ra3 Qxa7+
37.Kh1 Qc5 38.Qa2 Bc8 39.Nc3 Be6 40.Qb2 h6 41.Ra4 Rd8 42.Qa2 Qe3 43.Qa1 Rd2  0-1

[Event "Nordic Grand Prix"]
[Site "Torshavn"]
[Date "1997.??.??"]
[Round "9"]
[White "Karason, Askell O"]
[Black "Kristensen, Bjarke"]
[Result "1-0"]
[WhiteElo "2245"]
[BlackElo "2415"]

1.Nf3 Nf6 2.c4 e6 3.Nc3 c5 4.g3 Nc6 5.Bg2 Qb6 6.O-O Be7 7.b3 O-O 8.Bb2 d5
9.cxd5 exd5 10.d4 c4 11.Ne5 cxb3 12.Na4 Qb5 13.Qxb3 Qxb3 14.axb3 Bf5 15.Nxc6 bxc6
16.Rfc1 Bd7 17.Ba3 Rfe8 18.Bxe7 Rxe7 19.Nc5 Be8 20.e3 Rc8 21.Ra3 Rcc7 22.Rca1 h5
23.Na6 Rb7 24.Nc5 Rbc7 25.Na6 Rb7 26.Nc5 Rbc7 27.Ra4 g6 28.Rb4 Kg7 29.Rb8 Ng4
30.Ra8 Nh6 31.h3 f5 32.Bf1 g5 33.Na6 Rb7 34.Nc5 Rbc7 35.Na6 Rb7 36.Nc5 Rbc7
37.Ba6 Nf7 38.Bc8 Nd6 39.Ne6+ Rxe6 40.Bxe6 Kf6 41.Bg8 Kg7 42.Rd8 Bd7 43.Be6 Bxe6
44.Rxd6 Bd7 45.Kf1  1-0

[Event "Jarleslaget op"]
[Site "Trondheim"]
[Date "1997.??.??"]
[Round "4"]
[White "Rausis, Igors"]
[Black "Madsen, Dag"]
[Result "1-0"]
[WhiteElo "2490"]
[BlackElo "2265"]

1.Nf3 Nf6 2.c4 c5 3.Nc3 d5 4.cxd5 Nxd5 5.g3 Nc6 6.Bg2 Nc7 7.d3 e5 8.Nd2 Bd7
9.O-O Be7 10.Nc4 f6 11.Bxc6 Bxc6 12.Na5 Qd7 13.Qb3 Ne6 14.Be3 Rc8 15.Rfc1 O-O
16.Nxc6 Rxc6 17.Qd5 Rd6 18.Qc4 Kh8 19.a3 f5 20.b4 f4 21.Bxc5 Nxc5 22.bxc5 Rh6
23.Qd5 Qg4 24.Qf3 Qg6 25.Nd5 fxg3 26.Qxg3 Bh4 27.Qxg6 Rxg6+ 28.Kh1 Rxf2 29.Rf1 h6
30.Rxf2 Bxf2 31.e3 Rc6 32.Rc1 Rc8 33.Kg2 Rd8 34.Kxf2 Rxd5 35.Ke2 Kg8 36.Rc3 Kf7
37.Kf3 Ke6 38.Ke4 Rd7 39.c6 Rc7 40.cxb7 Rxb7 41.Rc5 Rb2 42.Rxe5+ Kf6 43.Rf5+ Kg6
44.h3 Rh2 45.Rf3 Ra2 46.d4 Rxa3 47.d5 Ra1 48.d6 a5 49.Ke5 a4 50.d7 Rd1 51.Ke6 a3
52.Rg3+ Kh5 53.e4  1-0

[Event "ROM-chT"]
[Site "Tusnad"]
[Date "1997.??.??"]
[Round "?"]
[White "Marasescu, Ioan"]
[Black "Tugui, Adrian"]
[Result "1/2-1/2"]
[WhiteElo "2330"]
[BlackElo "2320"]

1.Nf3 Nf6 2.c4 c5 3.Nc3 e6 4.e3 d5 5.d4 Nc6 6.cxd5 exd5 7.Be2 c4 8.O-O Bb4
9.Ne5 O-O 10.Nxc6 bxc6 11.Bd2 Bf5 12.b3 c5 13.Na4 Bxd2 14.Qxd2 Ne4 15.Qb2 Qa5
16.Rfc1 cxd4 17.Qxd4 cxb3 18.axb3 Qd2 19.Qxd2 Nxd2 20.Nc5 Rab8 21.Rd1 Nxb3
22.Nxb3 Rxb3 23.Rxd5 Be6 24.Rda5 Rb2 25.Bf3 g6 26.Rxa7 Kg7 27.Ra8 Rxa8 28.Bxa8 Ra2
29.Rxa2 Bxa2 30.f4 f5 31.Kf2 h5  1/2-1/2

[Event "ROM-chT"]
[Site "Tusnad"]
[Date "1997.??.??"]
[Round "?"]
[White "Badea, Bela"]
[Black "Suba, Mihai"]
[Result "1/2-1/2"]
[WhiteElo "2535"]
[BlackElo "2535"]

1.Nf3 c5 2.c4 Nf6 3.Nc3 e6 4.g3 b6 5.Bg2 Bb7 6.O-O Be7 7.b3 O-O 8.Bb2 Nc6
9.d4 Nxd4 10.Nxd4 Bxg2 11.Kxg2 cxd4 12.Qxd4  1/2-1/2

[Event "Ubeda op"]
[Site "Ubeda"]
[Date "1997.??.??"]
[Round "3"]
[White "Georgiev, Vladimir"]
[Black "Kovacevic, Slobodan"]
[Result "1-0"]
[WhiteElo "2515"]
[BlackElo "2420"]

1.Nf3 Nf6 2.c4 c5 3.Nc3 b6 4.e3 e6 5.d4 a6 6.Be2 cxd4 7.exd4 d6 8.O-O Be7
9.d5 e5 10.h3 O-O 11.Be3 Nbd7 12.b4 Bb7 13.Qb3 Qc7 14.Nd2 Rac8 15.Rac1 Qb8
16.f4 Bd8 17.fxe5 Nxe5 18.Nf3 Nxf3+ 19.Rxf3 Nd7 20.Bd4 Qc7 21.Rcf1 Ne5 22.Bxe5 dxe5
23.Ne4 Be7 24.Rd1 Qd7 25.Rc3 f5 26.c5 fxe4 27.Bg4 Qd8 28.d6+ Kh8 29.Bxc8 Bxc8
30.dxe7 Qxe7 31.c6 Qf6 32.Qc2  1-0

[Event "Ubeda op"]
[Site "Ubeda"]
[Date "1997.??.??"]
[Round "3"]
[White "Filippov, Valerij"]
[Black "Komljenovic, Davor"]
[Result "1-0"]
[WhiteElo "2510"]
[BlackElo "2460"]

1.Nf3 c5 2.c4 Nf6 3.Nc3 e6 4.g3 b6 5.Bg2 Bb7 6.O-O Be7 7.Re1 d6 8.e4 Nbd7
9.d4 cxd4 10.Nxd4 a6 11.e5 dxe5 12.Nxe6 fxe6 13.Bxb7 Ra7 14.Bg2 Bc5 15.Be3 Rc7
16.Qd3 O-O 17.Rad1 Qe7 18.Bh3 Re8 19.b3 e4 20.Nxe4 Bb4 21.Bd2 Bxd2 22.Qxd2 Nxe4
23.Rxe4 Nc5 24.Ree1 Rd7 25.Bxe6+ Qxe6 26.Rxe6 Rxe6 27.Qc2 Rxd1+ 28.Qxd1 a5
29.a3 Kf7 30.b4 axb4 31.axb4 Ne4 32.Qd5 h6 33.c5 bxc5 34.bxc5 Nf6 35.Qb3 Ne8
36.f4 Ke7 37.Qb7+ Kd8 38.c6 Rd6 39.Qb8+  1-0

[Event "JUG Cup"]
[Site "Ulcinj"]
[Date "1997.??.??"]
[Round "?"]
[White "Shchekachev, Andrei"]
[Black "Cabrilo, Goran"]
[Result "1-0"]
[WhiteElo "2520"]
[BlackElo "2475"]

1.Nf3 Nf6 2.c4 c5 3.Nc3 b6 4.g3 Bb7 5.Bg2 g6 6.O-O Bg7 7.d4 cxd4 8.Qxd4 d6
9.Rd1 Nbd7 10.Be3 Rc8 11.b3 O-O 12.Qd2 a6 13.Rac1 Nc5 14.Bh3 Rb8 15.Nd4 Nce4
16.Nxe4 Nxe4 17.Qe1 Qc7 18.b4 h6 19.f3 Ng5 20.Bg2 e5 21.Nb3 f5 22.c5 dxc5
23.bxc5 b5 24.Qa5 Rbc8 25.Rd6 f4 26.Qxc7 Rxc7 27.gxf4 exf4 28.Bd2 Nf7 29.Bxf4 g5
30.Bg3 Nxd6 31.Bxd6 Rff7 32.Bxc7 Rxc7 33.f4 Bxg2 34.Kxg2 gxf4 35.Kf3 Be5
36.Ke4 Re7 37.Rc2 Kf7 38.Kd5 Kf6 39.Kc6 Rg7 40.Nd2 Bd4 41.Nf3 Be3 42.Kd6 b4
43.Rc4  1-0

[Event "JUG Cup"]
[Site "Ulcinj"]
[Date "1997.??.??"]
[Round "?"]
[White "Arsovic, Goran"]
[Black "Marinkovic, Ivan"]
[Result "1/2-1/2"]
[WhiteElo "2540"]
[BlackElo "2495"]

1.Nf3 Nf6 2.c4 c5 3.Nc3 b6 4.g3 Bb7 5.Bg2 g6 6.O-O Bg7 7.d4 cxd4 8.Qxd4 Nc6
9.Qf4 Na5 10.Bd2 Qb8 11.Rac1 Qxf4 12.Bxf4 O-O 13.b3 Ne4 14.Nxe4 Bxe4 15.Ng5  1/2-1/2